[Event "Tenerife-chT Segunda 1718"]
[Site "Tenerife"]
[Date "2018.02.24"]
[Round "10.4"]
[White "Cordero Alamo, Ramon"]
[Black "Alcala Amado, Elohim"]
[Result "0-1"]
[WhiteElo "1394"]
[BlackElo "1361"]
[PlyCount "126"]
[EventDate "2017.11.11"]
[EventType "team-tourn"]
[EventRounds "14"]
[EventCountry "ESP"]
[SourceTitle "EXT 2019"]
[Source "ChessBase"]
[SourceDate "2018.10.10"]
[SourceVersion "1"]
[SourceVersionDate "2018.10.10"]
[SourceQuality "1"]
[WhiteTeam "Ebano Casa Venezuela"]
[BlackTeam "Laguna Cotolec"]
[WhiteTeamCountry "ESP"]
[BlackTeamCountry "ESP"]

1. c4 e6 2. Nc3 c6 3. Nf3 Nf6 4. g3 d5 5. cxd5 exd5 6. d4 Bd6 7. Bg2 Bf5 8. 0-0 Na6 9. a3 Nc7 10. Re1 Ne4 11. Nd2 Qe7 12. Ndxe4 dxe4 13. Qc2 0-0 14. Bxe4 Bxe4 15. Nxe4 f5 16. Nxd6 Qxd6 17. Bf4 Qd7 18. Qb3+ Nd5 19. e4 fxe4 20. Rxe4 Kh8 21. Be5 Rf7 22. Qc2 Rf3 23. Rh4 Qf5 24. Qxf5 Rxf5 25. Rg4 h5 26. Rxg7 Rxe5 27. Rxb7 Re4 28. Rc1 Re7 29. Rb3 Rc8 30. Kg2 Kg7 31. Rf3 Rf7 32. Rb3 Kh6 33. Rd3 Rf6 34. Rd2 Rg8 35. Rdc2 Nf4+ 36. Kf1 Ne6 37. Rxc6 Rgf8 38. f4 Nxd4 39. Rxf6+ Rxf6 40. Rc4 Nb3 41. Kf2 Kg6 42. Rb4 Nc5 43. Kf3 Nd7 44. Ke4 Re6+ 45. Kf3 a6 46. g4 hxg4+ 47. Kxg4 Nf6+ 48. Kf3 Kf5 49. Rb8 Re4 50. b4 Rxf4+ 51. Kg3 Rc4 52. b5 Ne4+ 53. Kg2 axb5 54. Rxb5+ Kg4 55. h3+ Kf4 56. Rb2 Ra4 57. Rb3 Ra8 58. Rf3+ Ke5 59. Re3 Kd4 60. Rb3 Rg8+ 61. Kh2 Kc4 62. Re3 Nd2 63. h4 Nf1+ 0-1

[Event "Tenerife-chT Segunda 1718"]
[Site "Tenerife"]
[Date "2017.11.11"]
[Round "1.2"]
[White "Alcala Amado, Elohim"]
[Black "Brito Rodriguez, Cristian"]
[Result "0-1"]
[WhiteElo "1315"]
[BlackElo "1602"]
[PlyCount "58"]
[EventDate "2017.11.11"]
[EventType "team-tourn"]
[EventRounds "14"]
[EventCountry "ESP"]
[SourceTitle "EXT 2019"]
[Source "ChessBase"]
[SourceDate "2018.10.10"]
[SourceVersion "1"]
[SourceVersionDate "2018.10.10"]
[SourceQuality "1"]
[WhiteTeam "Laguna Cotolec"]
[BlackTeam "Benito"]
[WhiteTeamCountry "ESP"]
[BlackTeamCountry "ESP"]

1. e4 e6 2. Nf3 d5 3. exd5 exd5 4. d4 Nc6 5. Be2 Bd6 6. Nc3 Nge7 7. Bg5 f6 8. Bh4 0-0 9. a3 Re8 10. Qd2 Bf5 11. 0-0-0 a6 12. g4 Be4 13. Nxe4 dxe4 14. Bc4+ Kh8 15. g5 f5 16. Ne5 Nxe5 17. dxe5 Bxe5 18. Qxd8 Raxd8 19. Rxd8 Rxd8 20. g6 Rd4 21. Bf7 Nxg6 22. c3 Bf4+ 23. Kb1 Rd2 24. Bg3 Bxg3 25. hxg3 Ne5 26. Kc1 Rxf2 27. Bb3 Nd3+ 28. Kd1 e3 29. Bd5 Rd2# 0-1